000 00235nam a22000857a 4500
008 160716b xxu||||| |||| 00| 0 eng d
100 _92948
_a Radhakrishnan, K
245 _aAn Elephant's Story
260 _aNew Delhi
_bOrient Publication
_c2004
999 _c2512
_d2512